000 00319nam a2200133Ia 4500
008 220204s9999 xx 000 0 und d
082 _a581
_bGAL
100 _aGALSTON, Arthur W
245 0 _aLife of the green plant.
250 _aEd.2
260 _aDelhi
_bPrentice Hall
_c1968
650 _aGreen plant
942 _cBK
999 _c20909
_d20909